ბათუმის შოთა რუსთაველის სახელმწიფო უნივერსიტეტის ბიბლიოთეკა

რკინაბეტონის კონსტრუქციების ელემენტების გაანგარიშების მაგალითები. (ბიბ.ჩანაწერი № 38768)

000 -LEADER
fixed length control field 00913nam a2200217Ia 4500
001 - CONTROL NUMBER
control field 5117
003 - CONTROL NUMBER IDENTIFIER
control field GE_BSU
008 - FIXED-LENGTH DATA ELEMENTS--GENERAL INFORMATION
fixed length control field 181216s||||||||xx |||||||||||||| ||und||
040 ## - CATALOGING SOURCE
Transcribing agency GE_BSU
080 ## - UNIVERSAL DECIMAL CLASSIFICATION NUMBER
Universal Decimal Classification number 624.012.4
100 ## - MAIN ENTRY--PERSONAL NAME
Personal name ღლონტი,ნ. სოხაძე,ა.
245 ## - TITLE STATEMENT
Title რკინაბეტონის კონსტრუქციების ელემენტების გაანგარიშების მაგალითები.
245 ## - TITLE STATEMENT
Statement of responsibility, etc. რედ.გ.კიზირია.
260 ## - PUBLICATION, DISTRIBUTION, ETC.
Place of publication, distribution, etc. თბ.
260 ## - PUBLICATION, DISTRIBUTION, ETC.
Name of publisher, distributor, etc. სპი.
260 ## - PUBLICATION, DISTRIBUTION, ETC.
Date of publication, distribution, etc. 1981.
300 ## - PHYSICAL DESCRIPTION
Extent 115გვ;22სმ;ბიბლიოგრ.:გვ.150.
300 ## - PHYSICAL DESCRIPTION
Accompanying material ნახაზ.
653 ## - INDEX TERM--UNCONTROLLED
Uncontrolled term რკინაბეტონის კონსტრუქციების ელემენტების გაანგარიშების მაგალითები.
942 ## - ADDED ENTRY ELEMENTS (KOHA)
Koha item type წიგნი

არაა ხელმისაწვდომი ეგზემპლარები.